000 00365 a2200157 4500
001 71186
020 _a
040 _cAnchieta - Colégio São Paulo
100 _aBrasileiro, Jonar
240 1 0 _aA história da minha geografia
_lpor
245 1 0 _aA história da minha geografia
300 _a48
362 0 _a2003
650 4 _aLiteratura juvenil
942 _cBK
999 _c71186
_d71186